000 00971nam a22003017a 4500
001 0011792
003 KOHA_MİRAKIL
005 20260207001830.0
007 ta
008 091218b1994 tu |||grd|||#0|||1|tur |
020 _a9750902335
040 _aTR-BiSEU
_btur
_cTR-BiSEU
_erda
041 0 _atur
044 _ctu
050 _aPL191
_b.T84 1994
100 1 _aTuğlacı, Pars.
240 1 0 _aAn English-Turkish dictionary of idioms
_lTürkçe
245 1 _aİngilizce-Türkçe deyimler sözlüğü =
_bAn English-Turkish dictionary of idioms/
_cPars Tuğlacı ; Pars Tuğlacı.
264 1 _aİstanbul :
_bABC Kitabevi
_c1994
300 _a409, [5] sayfa; 25 cm.
336 _ametin
_btxt
_2rdacontent
337 _aaracısız
_bn
_2rdamedia
338 _acilt
_bnc
_2rdacarrier
650 0 _aEnglish language--Dictionaries--Turkish.
_93195
650 0 _aEnglish language--Idioms--Dictionaries--Turkish.
_928711
907 _aSözlük
942 _2lcc
_cBK
999 _c11761
_d11761